000 00407nam a2200157Ia 4500
008 230711s9999||||xx |||||||||||||| ||und||
041 _aENG
082 _a720
_bSE-P
100 _aSerway,Raymond A
245 0 _aPhysics for scientists and engineers with modern Physics
250 _a1st Ed.
260 _c1983
_aNew Delhi
_bSaunders College Publication
300 _a113
650 _aPhysics
942 _cBK
999 _c2058
_d2058